The rise and fall of Swedish social democracy / (Record no. 751275)

MARC details
000 -LEADER
fixed length control field 00930cam a2200181 i 4500
020 ## - INTERNATIONAL STANDARD BOOK NUMBER
ISBN 9781804294659
082 00 - DEWEY DECIMAL CLASSIFICATION NUMBER
Classification number 335.009 485 OST/R
100 1# - MAIN ENTRY--AUTHOR NAME
Personal name Östberg, Kjell,
245 14 - TITLE STATEMENT
Title The rise and fall of Swedish social democracy /
Statement of responsibility, etc by Kjell Östberg.
260 ## - PUBLICATION, DISTRIBUTION, ETC. (IMPRINT)
Place of publication . - London
Name of publisher : Verso
Year of publication , 2024
300 ## - PHYSICAL DESCRIPTION
Number of Pages 296 pages ;
504 ## - BIBLIOGRAPHY, ETC. NOTE
Bibliography, etc Includes bibliographical references and index.
505 0# - FORMATTED CONTENTS NOTE
Formatted contents note Introduction -- Origins -- The Revolutionary Years -- Social Democracy in the Face of Reality -- The Crisis of the 1930s and the Social Democratic Breakthrough -- Harvest Time? -- The 1960s: The People's Home and Its Fractures -- The 1970s: A Socialist Sweden? -- Social Democracy Under Neoliberalism -- Conclusion.
520 ## - SUMMARY, ETC.
Summary, etc "A comprehensive study of the rise and fall of one of the most influential political movements of our time"--
650 #0 - SUBJECT ADDED ENTRY--TOPICAL TERM
Topical Term Socialism
Geographic subdivision Sweden
942 ## - ADDED ENTRY ELEMENTS (KOHA)
Source of classification or shelving scheme Dewey Decimal Classification
Koha item type Book
Holdings
Withdrawn status Lost status Source of classification or shelving scheme Damaged status Not for loan Home Library Current Location Date acquired Full call number Accession Number Koha item type
    Dewey Decimal Classification     Dept. of Political Science Dept. of Political Science 01/03/2025 335.009 485 OST/R POL23761 Book